Państwa biorące udział na Euro 2000-2024 - Statystyki

Ogólne statystyki
  • Ten quiz został rozwiązany 328 razy
  • Średni wynik to 33 z 36
Statystyki odpowiedzi
Hint Odpowiedź % Poprawnych
10 Francja
99%
23 Polska
99%
14 Hiszpania
98%
1 Anglia
96%
5 Belgia
96%
13 Holandia
96%
20 Niemcy
96%
34 Włochy
96%
6 Czechy
95%
8 Dania
95%
22 Portugalia
95%
28 Słowacja
95%
24 Rosja
94%
29 Szwecja
94%
33 Ukraina
94%
15 Irlandia
93%
25 Rumunia
93%
3 Albania
92%
2 Austria
92%
7 Chorwacja
92%
11 Grecja
92%
19 Norwegia
92%
31 Słowenia
92%
9 Finlandia
91%
12 Gruzja
91%
30 Szkocja
91%
27 Serbia
90%
32 Turcja
90%
35 Węgry
90%
26 Szwajcaria
89%
36 Walia
86%
17 Islandia
82%
4 Bułgaria
78%
16 Irlandia Północna
78%
18 Łotwa
78%
21 Macedonia Północna
77%
Nie znaleziono quizów pasujących do podanych kryteriów
Rozkład punktacji
Procent ludzi z każdym wynikiem
Percentyl według liczby udzielonych odpowiedzi
Twoja historia wyników
Nie rozwiązałeś tego quizu